<?xml version="1.0" encoding="UTF-8"?><?xml-stylesheet type="text/xsl" href="static/style.xsl"?><OAI-PMH xmlns="http://www.openarchives.org/OAI/2.0/" xmlns:xsi="http://www.w3.org/2001/XMLSchema-instance" xsi:schemaLocation="http://www.openarchives.org/OAI/2.0/ http://www.openarchives.org/OAI/2.0/OAI-PMH.xsd"><responseDate>2026-04-17T14:36:54Z</responseDate><request verb="GetRecord" identifier="oai:www.recercat.cat:10230/55114" metadataPrefix="marc">https://recercat.cat/oai/request</request><GetRecord><record><header><identifier>oai:recercat.cat:10230/55114</identifier><datestamp>2025-12-24T08:36:33Z</datestamp><setSpec>com_2072_6</setSpec><setSpec>col_2072_452952</setSpec></header><metadata><record xmlns="http://www.loc.gov/MARC21/slim" xmlns:dcterms="http://purl.org/dc/terms/" xmlns:xsi="http://www.w3.org/2001/XMLSchema-instance" xmlns:doc="http://www.lyncode.com/xoai" xsi:schemaLocation="http://www.loc.gov/MARC21/slim http://www.loc.gov/standards/marcxml/schema/MARC21slim.xsd">
   <leader>00925njm 22002777a 4500</leader>
   <datafield ind2=" " ind1=" " tag="042">
      <subfield code="a">dc</subfield>
   </datafield>
   <datafield ind2=" " ind1=" " tag="720">
      <subfield code="a">Cunillera Domènech, Montserrat</subfield>
      <subfield code="e">author</subfield>
   </datafield>
   <datafield ind2=" " ind1=" " tag="260">
      <subfield code="c">2022-12-13T07:20:16Z</subfield>
   </datafield>
   <datafield ind2=" " ind1=" " tag="260">
      <subfield code="c">2022-12-13T07:20:16Z</subfield>
   </datafield>
   <datafield ind2=" " ind1=" " tag="260">
      <subfield code="c">2011</subfield>
   </datafield>
   <datafield ind2=" " ind1=" " tag="520">
      <subfield code="a">La présente étude rend compte du&#xd;
traitement qu’ont reçu les pages de couverture et de quatrième de couverture&#xd;
dans les traductions du roman de Romain&#xd;
Gary La Vie devant soi, lauréat du prix&#xd;
Goncourt en 1975. Les éléments concrets&#xd;
des pages de couverture qui ont été examinés sont les illustrations, le titre et le&#xd;
nom de l’auteur; en ce qui concerne les&#xd;
quatrièmes pages de couverture, nous&#xd;
avons analysé le type d’information contenue dans cette partie et le résumé de&#xd;
l’argument. L’importance de l’espace péritextuel pour annoncer une œuvre littéraire et pour séduire le public a pu être&#xd;
constatée dans tous les textes analysés&#xd;
bien que la stratégie suivie ait été distincte&#xd;
dans chaque cas. Le but principal est donc&#xd;
de déterminer les variations les plus importantes entre les différentes versions et&#xd;
de montrer dans quel sens elles sont révélatrices du point de vue du locuteuréditeur.</subfield>
   </datafield>
   <datafield ind2=" " ind1=" " tag="520">
      <subfield code="a">This paper aims at analysing the translations of title pages and back covers in the&#xd;
French novel La Vie devant soi by Romain&#xd;
Gary, a book winner of Goncourt literary&#xd;
prize in 1975. Three elements of the title&#xd;
pages are examined: illustrations, title and&#xd;
the author’s name, as well as two elements&#xd;
of the back cover: the kind of information&#xd;
it contains and the plot summary. All the&#xd;
texts show how important the peritext is to&#xd;
present a literary work and persuade the&#xd;
potential readership to become actual readers, although in each one this importance&#xd;
becomes apparent in a different way. Thus,&#xd;
the final aim of the study will be to determine the possible variations between different translations and editions, and to which&#xd;
extent they reveal the point of view adopted&#xd;
by the locutor/editor.</subfield>
   </datafield>
   <datafield tag="653" ind2=" " ind1=" ">
      <subfield code="a">Péritexte</subfield>
   </datafield>
   <datafield tag="653" ind2=" " ind1=" ">
      <subfield code="a">Pages de couverture</subfield>
   </datafield>
   <datafield tag="653" ind2=" " ind1=" ">
      <subfield code="a">Quatrième page de couverture</subfield>
   </datafield>
   <datafield tag="653" ind2=" " ind1=" ">
      <subfield code="a">Point de vue</subfield>
   </datafield>
   <datafield tag="653" ind2=" " ind1=" ">
      <subfield code="a">Traduction</subfield>
   </datafield>
   <datafield tag="653" ind2=" " ind1=" ">
      <subfield code="a">La Vie devant soi</subfield>
   </datafield>
   <datafield tag="653" ind2=" " ind1=" ">
      <subfield code="a">Peritext</subfield>
   </datafield>
   <datafield tag="653" ind2=" " ind1=" ">
      <subfield code="a">Title pages</subfield>
   </datafield>
   <datafield tag="653" ind2=" " ind1=" ">
      <subfield code="a">Back covers</subfield>
   </datafield>
   <datafield tag="653" ind2=" " ind1=" ">
      <subfield code="a">Point of view</subfield>
   </datafield>
   <datafield tag="653" ind2=" " ind1=" ">
      <subfield code="a">Translation</subfield>
   </datafield>
   <datafield ind2="0" ind1="0" tag="245">
      <subfield code="a">El tratamiento de las portadas y las contraportadas en la traducción de un premio Goncourt</subfield>
   </datafield>
</record></metadata></record></GetRecord></OAI-PMH>